Zabezpečovanie kvality služieb

Enregistré dans:
Détails bibliographiques
Auteur principal: Karkalíková, Marta
Autres auteurs: Lacková, Alica, Čollák, Mikuláš
Format: Livre
Langue:slovaque
Publié: Bratislava Obchodná fakulta EU 2002
Sujets:
Tags: Ajouter un tag
Pas de tags, Soyez le premier à ajouter un tag!

MARC

LEADER 00000nam$a2200000$$$4500
001 0034310
005 20240226123108.3
020 |a 80-225-1556-6 
041 0 |a slo 
044 |a SK 
245 1 0 |a Zabezpečovanie kvality služieb  |c Marta Karkalíková 
264 1 |a Bratislava  |b Obchodná fakulta EU  |c 2002 
300 |a 138 s. 
610 2 0 |a služby 
610 2 0 |a kvalita 
610 2 0 |a produkty 
610 2 0 |a modely 
610 2 0 |a manažment 
610 2 0 |a riadenie kvality 
610 2 0 |a zdroje ľudské 
610 2 0 |a personál 
610 2 0 |a certifikácia 
610 2 0 |a ceny 
100 1 |a Karkalíková, Marta 
700 1 |a Lacková, Alica 
700 1 |a Čollák, Mikuláš